Guia práctica de los gatos / (Registro nro. 37909)

Detalles MARC
000 -Líder
campo de control de longitud fija 02776nam a2200349 a 4500
001 - Número de Control
campo de control 991017720342907486
005 - Fecha y Hora de Actualización
campo de control 20260420123121.0
008 - Longitud Fija
campo de control de longitud fija 250821n ck gr 000 0 spa d
020 ## - International Standard Book Number
ISBN 9789587362305
040 ## - Fuente de Catalogación
Centro catalogador/agencia de origen CO-BoBLA
Lengua de catalogación Español
Centro/agencia transcriptor CO-BoBLA
Normas de descripción rda
041 0# - Idioma
Código de lengua del texto/banda sonora o título independiente Español
100 ## - Entrada Principal -- Nombre de Persona
Nombre de persona Durán Ramírez, Felipe.
Término indicativo de función/relación Autor
-- Director
9 (RLIN) 534
245 10 - Título Propiamente Dicho
Título Guia práctica de los gatos /
Mención de responsabilidad Felipe Durán Ramirez.
264 #1 - Producción, Publicación, Distribución, Fabricación y Copyright
Producción, publicación, distribución, fabricación y copyright Bogotá :
Nombre del de productor, editor, distribuidor, fabricante Grupo Latino Editores,
Fecha de producción, publicación, distribución, fabricación o copyright 2025
300 ## - Descripción Física
Extensión 272 páginas
Otras características físicas ilustraciones ;
Dimensiones 21 cm.
336 ## - Tipo de Contenido
Término de tipo de contenido texto
Código de tipo de contenido texto
Fuente rdacontent
337 ## - Tipo de Medio
Nombre/término del tipo de medio sin mediacion
Código del tipo de medio no mediado
Fuente rdamedia
338 ## - Tipo de Portador
Nombre/término del tipo de soporte volumen
Código del tipo de soporte volumen
Fuente rdacarrier
490 1# - Mención de Serie
Mención de serie Volvamos al campo
504 ## - Nota de Bibliografía
Nota de bibliografía, etc. Nota Incluye referencias bibliográficas: páginas 271-272.
505 ## - Nota de Contenido
Nota de contenido con formato Contenido: Introducción. -- Origen y domesticación de los gatos. -- Capítulo 1 Diferentes razas de gatos en el mundo. -- El origen de las rezas felinas. -- Diferencias internacionales de las razas. -- Razas más grandes de gatos. -- Razas más pequeñas de gatos. --Capítulo 2 Etología felina. Conviviendo con su gato. -- ¿En qué consiste la etología felina? -- Etapas de desarrollo del gato. -- Comunicación de los gatos. -- Lenguaje corporal. -- Problemas de comportamiento habituales. -- El rascado en los gatos. -- Sexualidad y reproducción de los gatos. -- Capítulo 3 Nutrición e higiene en gatos. -- Comportamiento alimentario. -- Higiene de los gatos. -- Capítulo 4 Cuidados del gato. Vacunación. -- Generalidades. -- Vacunación. -- La castración en los gatos. -- Capítulo5 Lo que debe saber sobre los gatos. -- Generalidades. -- Anexo 1 Beneficios de los gatos en la salud humana. -- anexo 2 Gatos que se han hecho famosos.
520 ## - Nota de Resumen
Sumario, etc. Esta obra ofrece una visión integral y práctica sobre el manejo, salud y bienestar de los felinos domésticos. El texto está estructurado para facilitar la consulta rápida, abordando desde la etología y el comportamiento natural del gato hasta los protocolos básicos de medicina preventiva, nutrición específica por etapas de vida y primeros auxilios. Incluye descripciones detalladas sobre las razas más comunes, estándares de higiene y la identificación temprana de sintomatologías clínicas. Es una herramienta diseñada tanto para propietarios responsables como para auxiliares de veterinaria que buscan optimizar los cuidados básicos y la convivencia con la especie felina.
598 ## - Programas Académicos
Programas Académicos Medicina Veterinaria
082 04 - Número de Clasificación Decimal Dewey
Número de clasificación 636.8 /
Número de ítem D948g
650 #0 - Punto de Acceso Adicional -- Materia general
Término de materia o nombre geográfico como elemento de entrada Razas de gatos
9 (RLIN) 1126
650 #0 - Punto de Acceso Adicional -- Materia general
Término de materia o nombre geográfico como elemento de entrada Gatos
Subdivisión general Cuidados e higiene
9 (RLIN) 1127
650 #0 - Punto de Acceso Adicional -- Materia general
Término de materia o nombre geográfico como elemento de entrada Gatos como mascotas
Subdivisión general Hábitos y conducta
Fuente del encabezamiento o término BLAAUTO
9 (RLIN) 1128
650 #0 - Punto de Acceso Adicional -- Materia general
Término de materia o nombre geográfico como elemento de entrada Gatos
Subdivisión general cría de animales
9 (RLIN) 1131
650 #0 - Punto de Acceso Adicional -- Materia general
Término de materia o nombre geográfico como elemento de entrada Alimentación de los gatos
Fuente del encabezamiento o término BLAAUTO
9 (RLIN) 1130
650 #0 - Punto de Acceso Adicional -- Materia general
Término de materia o nombre geográfico como elemento de entrada gatos domésticos
9 (RLIN) 1129
942 ## - Punto de Acceso Adicional Koha
Tipo de ítem Koha Libro general
Suprimir en OPAC No
Existencias
Estatus retirado Estado de pérdida Fuente de la clasificación o esquema de estantería Estado de daño No para préstamo Colección Biblioteca de origen Biblioteca actual Fecha de adquisición Forma de adquisición Precio Total de préstamos Signatura topográfica completa Código de barras Visto por última vez Precio de reemplazo Tipo de ítem Koha Programa académico
    Clasificación Decimal Dewey     General Biblioteca Uniagraria Biblioteca Uniagraria 27/03/2026 Compra 55.30   636.8/ D948g 0100030463 20/04/2026 20/04/2026 Libro general Medicina veterinaria